01077nam a2200301Ia 450000500170000000800410001702000180005804100080007610000340008424500630011825000180018130000490019949000290024852100350027765000510031265000500036365000400041365000380045365000350049165000410052670000330056726400410060033600270064133700330066833800280070104000350072908400110076420220317001743.0170328s2009 c a g 000 j s  a9789588296210 aspa1 aPellegrino, Mariana I.d1976-13aEl punto y la rayacMariana I. Pellegrino ; Mariana Nemitz a1a. edición a[32] páginasbilustraciones a colorc22 cm aQue bueno ser distintos! aRecomendado desde los 6 años142LEMBaCuentos infantiles argentinos ySiglo XX142LEMBaLiteratura infantil argentinaySiglo XX142LEMBaPuntuación en la literatura142LEMBaDiferencia en la literatura142LEMBaValores en la literatura142LEMBaLibros ilustrados para niños1 aNemitz, Marianaeilustradora aBogotábCangrejo ; Gato Azulc2009 atextobtxt2rdacontent asin mediaciónbn2rdamedia avolumenbnc2rdacarrier aCO-BoRNBPbspaerdacCO-BoRNBP aC PEL6